000 00976cad a22002055a 4500
001 E148222
008 090820e20090805xxk 000 0 eng d
035 _a(Sirsi) u148222
041 0 _aeng
110 2 _aRegisters of Scotland
_95601
245 0 0 _aNumber of properties sold continues to fall year on year
_h[electronic resource]
260 _c2009
490 _aRegisters of Scotland News Release
_v5 August 2009
520 _aReports that sales transactions in Scotland for Q2 2009 fell by 47.8% when compared to Q2 2008. The average house price in Scotland in Q2 2009 decreased by 6.5% when compared with Q2 2008, with the average price of a residential property in Scotland in Q2 2009 standing at £145 553.
590 _aKA
651 4 _aScotland
_y1999-
690 _aPROPERTY-RESIDENTIAL PROPERTY-RESIDENTIAL PROPERTY MARKET
856 4 0 _uhttps://www.ros.gov.uk/aboutus/pressreleases.html
_zView the press release free of charge at www.ros.gov.uk...
942 _n0
999 _c81756
_d81756